000
00264nam a22001217a 4500
008
170602b xxu||||| |||| 00| 0 eng d
041
_a
eng
080
_a
94
100
_a
17
101
_a
SHH
245
_a
LITERATURE AND REVOLUTION
_c
TROTSKY,L
942
_2
udc
_c
BK
999
_c
15576
_d
15576